| 000 | 00435nam a2200169Ia 4500 | ||
|---|---|---|---|
| 008 | 170705s9999 xx 000 0 und d | ||
| 020 | _a9780030920974 | ||
| 245 | _aI am the mummy Heb-Nefert / | ||
| 245 | _cby Eve Bunting ; illustrated by David Christiana. | ||
| 260 | _aSan Diego : | ||
| 260 | _bHarcourt Inc., | ||
| 260 | _c1997 | ||
| 300 | _aunpaged : | ||
| 300 | _bcolor illustration ; | ||
| 300 | _c28cm. | ||
| 500 | _a670 | ||
| 999 |
_c337246 _d337246 |
||